00550 2200181 4500001002100000005001700021008004100038035002400079082000800103090001400111100002300125245008500148260004200233300002000275500002800295650003100323990001400354YOGYA-0612000000030120120605004044.0 ind  0010-061200000000301 a813 a813 Mit L aMITCHELL, Margaret aLost Laysen = pulau yang hilangcMargaret Mitchell; alih bahasa Sutanty Lesmana. aJakartabGramedia Pustaka Utamac1996 a113 hlm.b23 cm aJudul asli: Lost Laysen afiksi Indonesia-Terjemahan a2671-P/99